Îles qui n'existent pas - Statistiques

Statistiques générales
  • Ce quiz a été pris 51 fois
  • Le résultat moyen est 10 sur 20
Statistiques - réponses
Hint Réponse % Correct
On y trouve une prison dans l'Univers de Harry Potter Azkaban
88%
On y accède en rêvant ou en volant. Principalement accessible aux enfants Le Pays Imaginaire (Neverland)
69%
Casmir y vit L'île aux Enfants
67%
Au large de l'Ecosse dans une Aventure de Tintin L'île Noire
64%
Gulliver y échoue dans ses Voyages Liliput
62%
Abrite un hôpital psychiatrique dans un film de Martin Scorcese Shutter Island
62%
Ile abritant des dinosaures dans une oeuvre de James Gurney Dinotopia
60%
Dix personnes y sont mystérieusement assassinés dans un roman d'Agatha Christie Ile du Nègre
60%
Ile mythique évoquée par Platon dans deux de ses Dialogues L'Atlantide
57%
Les Greyjoy y sont originaires dans Game of Thrones Les îles de Fer
55%
Astérix et Obélix ne succombent pas aux charmes de la Grand Prêtresse sur cette île L'île des Plaisirs
52%
Nommée ainsi par Robinson Crusoé qui y fit naufrage Ile du Désespoir
50%
Selon certaines sources, Excalibur y fut forgée Avalon
48%
Mikael Blomkvist y commence son enquête dans la trilogie Millenium Hedebyön
48%
Ile de la Magicienne Circée dans l'Odyssée Eéa
40%
Sur une île paradisiaque, n'importe quel rêve et désir peuvent se réaliser grace à Monsieur Roarke et Tatoo L'ile Fantastique
40%
Des explorateurs y découvrent un très, très grand singe Ile du Crâne
38%
Ile ou se déroule Les Dents de la Mer de Steven Spielberg Amity
36%
Tom Sawyer, Huck et Ben y vont jouer aux Pirates Ile Jackson
19%
Des naufragés y échouent dans un roman de Jules Verne. Ils nomment l'île de ce nom Ile Lincoln
17%
Aucun quiz correspondant
Distribution des résultats
% des personnes avec chaque résultat
Percentile par nombre de réponses
Votre historique - résultats
Vous n’avez pas pris ce quiz